00720nam a2200193 a 450000100100000000500170001000800410002704000250006808200130009324500820010625000110018826000350019930000210023449000310025550000740028683000380036095201110039899900170050900004130120201002034753.0130930s1966 sp 000 0 spa d aDO-SdBNPbspacBNPHU axxxbxxx00aMoreto :bteatro /cedición , prólogo y notas de Narciso Alonso Cortés. a5a ed. aMadrid :bEspasa-Calpe,c1966. a216 p. ;c19 cm.1 aClásicos castellanosv32 aIncluye referencias bibliográficas y notas al pie de las páginas. 0aClásicos castellanosn32967919 001050718MOaGRbGRcCTd2013-09-30iLF1l0oxxx xxxp41301-10r2020-06-25w2020-06-25y1ZNo se presta c40791d40791